States With the Most Big 4 Championships - Statistics

General Stats
  • This quiz has been taken 41 times
  • The average score is 9 of 10
Answer Stats
Titles State % Correct
54 New York
100%
14 Florida
97%
45 California
94%
17 Texas
94%
40 Massachusetts
91%
8 Ohio
91%
32 Pennsylvania
88%
19 Illinois
82%
18 Michigan
79%
20 Missouri
76%
No matching quizzes found
Score Distribution
Percent of People with Each Score
Percentile by Number Answered
Your Score History
You have not taken this quiz